Ciencias sociales 6 : (Registro nro. 9858)

Detalles MARC
000 -LIDER
fixed length control field 01659nam a2200385 a 4500
001 - NÚMERO DE CONTROL
Identificador de número de control 0000313
003 - IDENTIFICACDOR DE NÚMERO DE CONTROL
control field DO-SdBNP
005 - DATE AND TIME OF LATEST TRANSACTION
control field 20180306113056.0
007 - CAMPOS FIJOS DE DESCRIPCIÓN FÍSICA
fixed length control field 0000313
008 - ELEMENTOS DE LONGITUD FIJA
fixed length control field 150130s2014 dr abc 000 0 spa d
020 ## - ISBN
International Standard Book Number 9789945495186
040 ## - FUENTE DE CATALOGACIÓN
Agencia que crea de manera original el registro BPMSU
Idioma de catalogación spa
Agencia que realiza la transcripción BPMSU
092 ## - LOCALLY ASSIGNED DEWEY DECIMAL CALL NUMBER
Número de clasificación 372.83
Número de ítem (Cutter) H557c, 6to. 2014
100 1# - ASIENTO PRINCIPAL -- NOMBRE PERSONAL
Nombre personal Hernández Grullón, Alejandro
245 10 - MENCIÓN DE TITULO
Título Ciencias sociales 6 :
Subtítulo educación básica /
Mención de responsabilidad Alejandro Hernández Grullón, Juan Ricardo Hernández; actualización Danilda Pérez
250 ## - MENCIÓN DE EDICION
Mención de edición edición actualizada y revisada 2014
260 ## - PUBLICACIÓN, DISTRIBUCIÓN, ETC. (PIE DE IMPRENTA)
Lugar de publicación, distribución, etc Santo Domingo :
Nombre del editor, distribuidor, etc. Actualidad Escolar 2000,
Fecha de publicación, distribución, etc 2013.
300 ## - DESCRIPCIÓN FÍSICA
Extensión 198 p. :
Otros detalles físicos il., mapas, retrs. ;
Dimensiones 28 cm.
500 ## - NOTA GENERAL
Nota general Este libro ha sido realizado de acuerdo al curriculum vigente y ha sido sometido a la evaluación a aprovación del MINERD
500 ## - NOTA GENERAL
Nota general Edición revisada y actualizada al 2013.
500 ## - NOTA GENERAL
Nota general Sexto grado, segundo ciclo, educación básica
504 ## - NOTA DE BIBLIOGRAFÍA, ETC.
Bibliography, etc Bibliografia p: 198
505 1# - NOTA DE CONTENIDO
Título Colonización de América, África y Asia--
-- Colonización de la Hispaniola --
-- Las revoluciones burguesas --
-- El movimiento antiesclavista en América --
-- La independencia de las colonias americanas.
650 #4 - ENCABEZAMIENTO DE MATERIA--TEMÁTICO
Término temático o nombre geográfico como elemento de entrada CIENCIAS SOCIALES
Subdivisión temática general ENSEÑANZA BÁSICA
650 ## - ENCABEZAMIENTO DE MATERIA--TEMÁTICO
Término temático o nombre geográfico como elemento de entrada CIENCIAS SOCIALES
Subdivisión temática general EDUCACIÓN PRIMARIA
650 ## - ENCABEZAMIENTO DE MATERIA--TEMÁTICO
Término temático o nombre geográfico como elemento de entrada EDUCACIÓN PRIMARIA
Subdivisión temática general REPÚBLICA DOMINICANA
650 ## - ENCABEZAMIENTO DE MATERIA--TEMÁTICO
Término temático o nombre geográfico como elemento de entrada CIENCIAS SOCIALES
Subdivisión temática general LIBROS DE TEXTOS
650 #4 - ENCABEZAMIENTO DE MATERIA--TEMÁTICO
Término temático o nombre geográfico como elemento de entrada CIENCIAS SOCIALES
Subdivisión temática general ESTUDIOS Y EJERCICIOS
700 12 - ASIENTO SECUNDARIO -- NOMBRE PERSONAL
Nombre personal Hernández, Juan Ricardo
700 12 - ASIENTO SECUNDARIO -- NOMBRE PERSONAL
Nombre personal Pérez, Danilda
910 ## - VALIDACIÓN
Validación 00144
942 ## - ADDED ENTRY ELEMENTS (KOHA)
Source of classification or shelving scheme Dewey Decimal Classification
Koha item type Libros
945 ## - INFORMACIÓN DE PROCESAMIENTO LOCAL
Información de procesamiento local Remanejado para la BNPHU / 2018 VM
956 ## - LOCAL ELECTRONIC LOCATION AND ACCESS (OCLC)
Nombre de host YLOCKWARD
Número de acceso 10
Existencias
Withdrawn status Lost status Source of classification or shelving scheme Damaged status Not for loan Collection code Home library Current library Date acquired Source of acquisition Total Checkouts Full call number Barcode Date last seen Price effective from Koha item type
    Dewey Decimal Classification     Colección Escolar Biblioteca Pública Metropolitana Salomé Ureña Biblioteca Pública Metropolitana Salomé Ureña 04/20/2016 Donación   372.83 H557c 6to. 2014 v.1 BPMSU16040579 04/20/2016 04/20/2016 Libros
    Dewey Decimal Classification     Colección Escolar Biblioteca Pública Metropolitana Salomé Ureña Biblioteca Pública Metropolitana Salomé Ureña 04/20/2016 Donación   372.83 H557c 6to. 2014 v.2 Libro del maestro BPMSU16040580 04/20/2016 04/20/2016 Libros